000 01223nam a2200313Ia 4500
001 ebr10159373
003 CaPaEBR
006 m u
007 cr cn|||||||||
008 930311s1993 mnua s 000 0beng d
010 _z 92061331
020 _z0938586688
020 _z9780816641963
040 _aCaPaEBR
_cCaPaEBR
035 _a(OCoLC)191818442
050 1 4 _aF612.B73
_bM653 1993eb
100 1 _aCary, Bob.
245 1 0 _aRoot beer lady
_h[electronic resource] /
_cwritten and illustrated by Bob Cary.
260 _aDuluth, MN :
_bPfeifer-Hamilton,
_cc1993.
300 _a177 p. :
_bill.
533 _aElectronic reproduction.
_bPalo Alto, Calif. :
_cebrary,
_d2009.
_nAvailable via World Wide Web.
_nAccess may be limited to ebrary affiliated libraries.
600 1 0 _aMolter, Dorothy,
_d1907-1986.
650 0 _aNatural history
_zMinnesota
_zBoundary Waters Canoe Area.
651 0 _aBoundary Waters Canoe Area (Minn.)
_vBiography.
651 0 _aBoundary Waters Canoe Area (Minn.)
_xHistory.
655 7 _aElectronic books.
_2local
710 2 _aebrary, Inc.
856 4 0 _uhttp://site.ebrary.com/lib/rucke/Doc?id=10159373
_zAn electronic book accessible through the World Wide Web; click to view
999 _c134031
_d134031